Tratado de Atletismo
में बचाया:
| मुख्य लेखकों: | , |
|---|---|
| स्वरूप: | पुस्तक |
| भाषा: | स्पेनिश |
| प्रकाशित: |
Madrid
Esteban Sanz Martínez
1984
|
| विषय: | |
| टैग: |
टैग जोड़ें
कोई टैग नहीं, इस रिकॉर्ड को टैग करने वाले पहले व्यक्ति बनें!
|
MARC
| LEADER | 00000nam a2200000 a 4500 | ||
|---|---|---|---|
| 001 | UCW5971 | ||
| 003 | CL-VaPUC | ||
| 008 | 910923e19840000SP |||||||||||||||||spa|d | ||
| 082 | 0 | 4 | |a 796.41 |b VIN |2 21 |
| 100 | 0 | |a Vinuesa Lope, Manuel |e author |9 311010 | |
| 700 | 0 | |a Coll Benejam, Jaime |e author |9 311011 | |
| 245 | 1 | 0 | |a Tratado de Atletismo |
| 300 | |a 395 p | ||
| 942 | |c BK | ||
| 945 | |d 19910923 00:00:00 | ||
| 260 | |a Madrid |b Esteban Sanz Martínez |c 1984 | ||
| 650 | 0 | |a Atletismo |9 307422 | |
| 650 | 7 | |a ENTRENAMIENTO ATLETICO |2 CL-VaPUC |9 311012 | |
| 583 | |a last modification |c 19910923 00:00:00 |k Rodrigo Vera | ||
| 999 | |c 219228 |d 219226 | ||
| 952 | |0 0 |1 0 |4 0 |6 796_410000000000000_VIN_1984 |7 0 |8 A |9 209878 |a BIBEDU |b BIBEDU |d 2019-11-15 |i 2778289 |o 796.41 VIN 1984 |p 2778289 |r 2019-11-15 |w 2019-11-15 |y BK |k EDU | ||
| 952 | |0 0 |1 0 |4 0 |6 796_410000000000000_VIN_1984 |7 0 |8 A |9 209879 |a BIBEDU |b BIBEDU |d 2019-11-15 |i 2778297 |o 796.41 VIN 1984 |p 2778297 |r 2019-11-15 |w 2019-11-15 |y BK |k EDU | ||